书目信息 |
| 题名: |
自然语言语义学
|
|
| 作者: | 吉伦 著 ;谢婉莹 , 谷舒豪 译 | |
| 分册: | ||
| 出版信息: | 北京 机械工业出版社 2023.08 |
|
| 页数: | X, 481页 | |
| 开本: | 26cm | |
| 丛书名: | 智能科学与技术丛书 | |
| 单 册: | ||
| 中图分类: | TP391 | |
| 科图分类: | ||
| 主题词: | 自然语言处理--zi ran yu yan chu li | |
| 电子资源: | ||
| ISBN: | 978-7-111-73945-6 | |
| 000 | 01519nam 2200325 450 | |
| 001 | 89814 | |
| 005 | 20250814205537.67 | |
| 010 | @a978-7-111-73945-6@dCNY149.00 | |
| 100 | @a20240111d2023 em y0chiy50 ea | |
| 101 | 1 | @achi@ceng |
| 102 | @aCN@b110000 | |
| 105 | @aa a 000yy | |
| 106 | @ar | |
| 200 | 1 | @a自然语言语义学@Azi ran yu yan yu yi xue@e形成与估值@f(加) 布兰登·S.吉伦著@d= Natural language semantics@eformation and valuation@fBrendan S. Gillonxc@g谢婉莹, 谷舒豪译@zeng |
| 210 | @a北京@c机械工业出版社@d2023.08 | |
| 215 | @aX, 481页@c图@d26cm | |
| 225 | 2 | @a智能科学与技术丛书@Azhi neng ke xue yu ji shu cong shu |
| 306 | @a由MIT Press通过Bardon-Chinese Media Agency授权出版 | |
| 320 | @a有书目 (第474-481页) | |
| 330 | @a自然语言语义学是涉及语言学、逻辑学、计算机科学、心理学等诸多领域的一门学科。本书第1-6章和第8-10章主要介绍成分结构语法及相关知识, 第7章和第11-15章主要介绍类型逻辑语法 (Lambek类型语法), 并讨论了成分结构语法和类型逻辑语法之间的异同。本书对自然语言语义学的介绍主要是基于英语的语法, 作为导论性书籍, 省略了许多更为复杂的逻辑形式。 | |
| 410 | 0 | @12001 @a智能科学与技术丛书 |
| 500 | 10 | @aNatural language semantics : formation and valuation@mChinese |
| 517 | 1 | @a形成与估值@Axing cheng yu gu zhi |
| 606 | 0 | @a自然语言处理@Azi ran yu yan chu li |
| 690 | @aTP391@v5 | |
| 701 | 1 | @a吉伦@Aji lun@g(Gillon, Brendan S.)@4著 |
| 702 | 0 | @a谢婉莹@Axie wan ying@4译 |
| 702 | 0 | @a谷舒豪@Agu shu hao@4译 |
| 801 | 0 | @aCN@c20250909 |
| 905 | @a河南城建学院图书馆@dTP391@eJ064@f1 | |
| 自然语言语义学:形成与估值/(加) 布兰登·S.吉伦著= Natural language semantics:formation and valuation/Brendan S. Gillonxc/谢婉莹, 谷舒豪译.-北京:机械工业出版社,2023.08 |
| X, 481页:图;26cm.-(智能科学与技术丛书) |
| ISBN 978-7-111-73945-6:CNY149.00 |
| 自然语言语义学是涉及语言学、逻辑学、计算机科学、心理学等诸多领域的一门学科。本书第1-6章和第8-10章主要介绍成分结构语法及相关知识, 第7章和第11-15章主要介绍类型逻辑语法 (Lambek类型语法), 并讨论了成分结构语法和类型逻辑语法之间的异同。本书对自然语言语义学的介绍主要是基于英语的语法, 作为导论性书籍, 省略了许多更为复杂的逻辑形式。 |
| ● |
| 相关链接 |
|
|
|
正题名:自然语言语义学
索取号:TP391/J064
 
预约/预借
| 序号 | 登录号 | 条形码 | 馆藏地/架位号 | 状态 | 备注 |
| 1 | 1623776 | 216237766 | 自科库301/301自科库 64排1列5层/ [索取号:TP391/J064] | 在馆 |